02741nam a22003257a 450000500170000000800410001702000290005802000300008702000260011704000240014304100080016704400070017508200170018224501000019926000330029930000190033249000310035150400540038250509350043652006630137165000390203465000380207365000410211165000400215265000440219265000440223670000460228070000450232670000440237120150203164850.0141204s2015 enk b 001 0 eng  a9781138792890 (hardback) a9781138792906 (paperback) z9781315747378 (ebook) aDLCcDLCdCO-BoIAvH aeng ack04a320.58bS42p04aThe politics of green transformations /ceditado por Ian Scoones, Melissa Leach y Peter Newell. aNew york:bRoutledge,c2015. a220 p.c24 cm.0 aPathways to sustainability aIncluye referencias bibliográficas e índices.0 aThe politics of green transformations / Ian Scoones, Peter Newell and Melissa Leach -- What is green? : transformation imperatives and knowledge politics / Melissa Leach -- Invoking "science" in debates about green transformations : a help or a hindrance? / Erik Millstone -- Emancipating transformation : from controlling "the transition" to culturing plural radical progress / Andy Stirling -- The politics of green transformations in capitalism / Peter Newell -- The political dynamics of green transformations : feedback effects and institutional context / Matthew Lockwood -- Green transformations from below? : the politics of grassroots innovation / Adrian Smith and Adrian Ely -- Mobilizing for green transformations / Melissa Leach and Ian Scoones -- The green entrepreneurial state / Mariana Mazzucato -- Financing green transformations / Stephen Spratt -- Green transformation : is there a fast track? / Hubert Schmitz. a"Recalling past transformations, this book examines what makes the current challenge different, and especially urgent. It analyses how green transformations must take place in the context of the particular moments of capitalist development, and in relation to particular alliances. The book emphasises the role of the state and the role of citizens, as innovators, entrepreneurs, green consumers and members of social movements. Green transformations must be both 'top-down', involving elite alliances between states and business, but also 'bottom up', pushed by grassroots innovators and entrepreneurs, and part of wider mobilisations among civil society"-- 0aGreen movementxPolitical aspects. 0aGreen movementxEconomic aspects. 0aEnvironmentalismxPolitical aspects. 0aEnvironmentalismxEconomic aspects. 0aMovimiento verdevaspectos económicos 0aPolítica verdexaspectos económicos1 aScoones, Ian,eeditor de la compilación1 aLeach, Melissa,eeditor de compilación1 aNewell, Peter,eeditor de compilación